Word Formation by External Motivation in Spanish and French

Skúmanie lexikálneho obohatenia slovnej zásoby na základe vonkajších a vnútorných príčin. Vonkajšie obohatenie prebieha preberaním slov z iných jazykov rôznymi spôsobmi. Popis tohto javu na príklade španielčiny.

Saved in:
Bibliographic Details
Main Author: Varela Cano, Diana Patricia, 1964-
Format: Book Chapter
Language:Spanish
Subjects:
Tags: Add Tag
No Tags, Be the first to tag this record!

MARC

LEADER 00000naa a2200000 4500
001 0263047
005 20240502074158.4
041 0 |a spa 
044 |a SK 
245 1 0 |a Word Formation by External Motivation in Spanish and French  |c Diana Patricia Varela Cano 
520 |a Skúmanie lexikálneho obohatenia slovnej zásoby na základe vonkajších a vnútorných príčin. Vonkajšie obohatenie prebieha preberaním slov z iných jazykov rôznymi spôsobmi. Popis tohto javu na príklade španielčiny. 
610 2 0 |a lexikológia 
610 2 0 |a zásoba slovná 
610 2 0 |a jazyky cudzie 
610 2 0 |a frazeológia 
100 1 |a Varela Cano, Diana Patricia, 1964-